| 000 | 00942cam a2200277 4500 | ||
|---|---|---|---|
| 001 | ABS64242 | ||
| 008 | 010806n2001 000 0 eng u | ||
| 035 | _a(Sirsi) u113950 | ||
| 100 | _aLillie, D. | ||
| 245 | _aBars and restaurants : trends in property market values | ||
| 260 | _c2001 | ||
| 490 |
_aJournal of Leisure Property _v1(3) July 2001, 227-230(4) |
||
| 520 | _aConsiders the major players in the bar and restaurant trade, the concepts and themes of their venues, and the property types they prefer as a means of understanding the underlying trends in rents and capital values. Tables. | ||
| 590 | _aABS | ||
| 650 | _aBAR MARKET | ||
| 650 | _aBARS | ||
| 650 | _aCAPITAL VALUES | ||
| 650 | _aLEISURE MARKET | ||
| 650 | _aLEISURE PROPERTY | ||
| 650 | _aRENTS | ||
| 650 | _aTHEME PUBS | ||
| 650 | _aTHEMING | ||
| 650 | _aTRENDS | ||
| 690 | _aPROPERTY-COMMERCIAL PROPERTY-COMMERCIAL PROPERTY MARKET | ||
| 942 | _n0 | ||
| 999 |
_c67901 _d67901 |
||